Movies Quiz

Random Movies or Actor Quiz
Score 0/24 Timer 06:00
4 Plays Today
Hint Answer % Correct
King Kong
91.9%
Bruce Almighty
83.3%
Pixels
66.3%
Jerry Maguire
64.7%
Harry Potter and the Deathly Hallows: Part 1
63.8%
RoboCop (2014)
63.5%
As Good As It Gets
58.9%
Blood Diamond
57.4%
The Men Who Stare at Goats
52.5%
Mission: Impossible II
49.1%
Running with Scissors
41.9%
Collateral
39.9%
Hint Answer % Correct
The English Patient
37.9%
The Descendants
35.9%
Minority Report
32.4%
Concussion
28.9%
Crazy Heart
26.2%
Source Code
18.8%
Jane Eyre
17.1%
Nebraska
16.2%
Biutiful
9.7%
Munich
7.7%
Ruby Sparks
4.9%
The Words
2.6%
Remove Ads.
Support Sporcle.
Get the best of Sporcle when you Go Orange. This ad-free experience offers more features, more stats, and more fun while also helping to support Sporcle. Thank you for becoming a member.

You're not logged in!

Compare scores with friends on all Sporcle quizzes.
OR
Log In

Show Comments

Extras

Top Quizzes Today


Score Distribution

Your Account Isn't Verified!

In order to create a playlist on Sporcle, you need to verify the email address you used during registration. Go to your Sporcle Settings to finish the process.

Report this User

Report this user for behavior that violates our Community Guidelines.

Details: